000 00858cam a2200277 a 4500
008
020 _a0316356360 (pbk.)
049 _aMAIN
090 _aRA651
_bHEN
100 1 _aHennekens, Charles H
245 1 0 _aEpidemiology in medicine /
_cCharles H. Hennekens, Julie E. Buring ; edited by Sherry L. Mayrent ; foreword by Sir Richard Doll
260 _aBoston :
_bLittle, Brown,
_cc1987
300 _axv, 383 p. :
_bill. ;
_c24 cm
500 _aIncludes index.
504 _aIncludes bibliographical references.
650 0 _aEpidemiology
650 2 _aEpidemiologic Methods
650 2 _aEpidemiology
700 1 _aBuring, Julie E
700 1 _aMayrent, Sherry L
907 _a.b10375764
_b20-09-16
_c20-09-16
003
005 20230120204213.0
040 _cNUST
942 _cBOOKS
_kRA651
_mHEN
999 _c119008
_d119008